000
00279nam a22001337a 4500
008
181102b xxu||||| |||| 00| 0 eng d
020
_a
0735524378
041
_a
eng
080
_2
5 TH
_a
341
100
_a
15
101
_a
JUR
245
_a
Property
_c
Krier.D
942
_2
udc
_c
BK
999
_c
51714
_d
51714